KOHA-Header-6

Organizational Change (Record no. 9792)

000 -LEADER
fixed length control field 00229nam a2200109Ia 4500
020 ## - INTERNATIONAL STANDARD BOOK NUMBER
ISBN 978-1841121970
100 ## - MAIN ENTRY--AUTHOR NAME
Personal name Peter Floyd
245 #0 - TITLE STATEMENT
Title Organizational Change
260 ## - PUBLICATION, DISTRIBUTION, ETC. (IMPRINT)
Place of publication Canada
Name of publisher Pearson
Year of publication 2002
300 ## - PHYSICAL DESCRIPTION
Number of Pages 118
942 ## - ADDED ENTRY ELEMENTS (KOHA)
Koha item type Books
Holdings
Withdrawn status Lost status Collection code Permanent Location Current Location Shelving location Date acquired Full call number Accession Number Koha item type
    Management MAJU MAJU   2019-09-14 505.75 5759 Management

Powered by Koha